Invisible - Taylor Swift Lyrics - Statistics

General Stats
  • This quiz has been taken 13 times
  • The average score is 146 of 223
Answer Stats
Answer % Correct
a
83%
her
83%
I
83%
She
83%
she
83%
the
83%
and
67%
And
67%
are
67%
be
67%
beautiful
67%
by
67%
can't
67%
could
67%
do
67%
don't
67%
even
67%
everything
67%
eyes
67%
gonna
67%
how
67%
if
67%
in
67%
Instead
67%
invisible
67%
just
67%
knew
67%
know
67%
Light
67%
light
67%
like
67%
Like
67%
love
67%
me
67%
miracle
67%
never
67%
No
67%
notice
67%
of
67%
Oh
67%
only
67%
right
67%
see
67%
She'll
67%
She's
67%
show
67%
smile
67%
stare
67%
stop
67%
That
67%
that
67%
through
67%
to
67%
unbelievable
67%
up
67%
walks
67%
wanna
67%
want
67%
way
67%
We
67%
we
67%
when
67%
Whenever
67%
you
67%
your
67%
Baby
50%
But
50%
but
50%
let
50%
make
50%
matter
50%
open
50%
realize
50%
shadows
50%
think
50%
wantin'
50%
what
50%
about
33%
all
33%
faded
33%
fire
33%
help
33%
inside
33%
is
33%
shine
33%
There's
33%
we're
33%
No matching quizzes found
Score Distribution
Percent of People with Each Score
Percentile by Number Answered
Your Score History
You have not taken this quiz